| 000 | 00510nam a2200205 a 4500 | ||
|---|---|---|---|
| 999 |
_c6990 _d6990 |
||
| 001 | 6990 | ||
| 003 | BD-JhCC | ||
| 005 | 20180203180622.0 | ||
| 008 | 180203s1965 usa |||| |||| 000 0 eng d | ||
| 035 | _a(BD-JhCC) | ||
| 040 |
_aBD-JhCC _dBD-JhCC |
||
| 041 | _aeng | ||
| 082 |
_a955 _bWIL 1963 |
||
| 100 | _aWilber, Donald N. | ||
| 245 |
_aIran Past and Present / _cDonald N. Wilber |
||
| 260 |
_aNew York: _bPrinceton University Press; _c1963 |
||
| 300 |
_a311 p;, _c22 cm |
||
| 650 | _aIran | ||
| 942 |
_2ddc _cBK |
||